Slice Of Life/ (Record no. 186043)

MARC details
000 -LEADER
fixed length control field 00517nam a22001817a 4500
005 - DATE AND TIME OF LATEST TRANSACTION
control field 20220214111818.0
010 ## - LCCN (DPL NO)
LC control number ENG-131562
020 ## - INTERNATIONAL STANDARD BOOK NUMBER
International Standard Book Number 9788183795869
Terms of availability 200.00
035 ## - SYSTEM CONTROL NUMBER
System control number EN-115094
037 ## - SOURCE OF ACQUISITION
Source of stock number/acquisition DBAD
082 ## - DEWEY DECIMAL CLASSIFICATION NUMBER
Classification number 880
100 ## - MAIN ENTRY--PERSONAL NAME
Personal name Rao, N. Meera Raghavendra
245 ## - TITLE STATEMENT
Title Slice Of Life/
Statement of responsibility, etc N. Meera Raghavendra Rao
260 ## - PUBLICATION, DISTRIBUTION, ETC. (IMPRINT)
Place of publication, distribution, etc Chennai
Name of publisher, distributor, etc Palaniappa Brothers
Date of publication, distribution, etc 2012
270 ## - ADDRESS
Address 25, Peters Road, Royapettah
City Chennai
Postal code 600014
300 ## - PHYSICAL DESCRIPTION
Extent 226p.
Dimensions 24cm(pbk)
942 ## - ADDED ENTRY ELEMENTS (KOHA)
Source of classification or shelving scheme Dewey Decimal Classification
Item type English Books
Classification part 880
Call number suffix RAO
Holdings
Withdrawn status Lost status Not for loan Collection code Home library Current library Date acquired Source of acquisition Cost, normal purchase price Full call number Barcode Copy number Cost, replacement price Koha item type
      Non-fiction Bawana Bagh Kadhe Khan 14/02/2022 DBAD/PUB 200.00 880 RAO EN-115094 1 200.00 English Books

© Delhi Public Library
Hit Counter
free hit counter